Полное практическое руководство и справочная книга к новому уставу о гербовом сборе в 2 частях. Ч. 1: Устав о гербовом сборе, обработанный в виде алфавитного перечня предметов обложения бумаг, актов и документов, подлежащих оплате гербовым сбором или изъятых от оного со всеми разъяснениями и распоряжениями (Запись № 4992843)

Подробности
000 -МАРКЕР
контрольное поле 01727nam2a22002771 4500
001 - ИДЕНТИФИКАТОР ЗАПИСИ
контрольное поле v19\rc\1720347
005 - ИДЕНТИФИКАТОР ВЕРСИИ
контрольное поле 20250619040639.0
035 ## - ДРУГИЕ СИСТЕМНЫЕ НОМЕРА
Идентификатор записи (NLR Aleph) 004818186
100 ## - ДАННЫЕ ОБЩЕЙ ОБРАБОТКИ
Данные общей обработки 20061002d1901 |||y0rusy50 ca
101 0# - ЯЗЫК РЕСУРСА
Язык текста, звукозаписи и т.д. русский
102 ## - СТРАНА ПУБЛИКАЦИИ ИЛИ ПРОИЗВОДСТВА
Страна публикации Российская Федерация
105 ## - ПОЛЕ КОДИРОВАННЫХ ДАННЫХ: ТЕКСТОВЫЕ МАТЕРИАЛЫ, МОНОГРАФИЧЕСКИЕ
Кодированные данные о монографическом текстовом документе y z |||||
200 1# - ЗАГЛАВИЕ И СВЕДЕНИЯ ОБ ОТВЕТСТВЕННОСТИ
Основное заглавие Устав о гербовом сборе, обработанный в виде алфавитного перечня предметов обложения бумаг, актов и документов, подлежащих оплате гербовым сбором или изъятых от оного со всеми разъяснениями и распоряжениями
210 ## - ПУБЛИКАЦИЯ, РАСПРОСТРАНЕНИЕ И ДР.
Дата издания, распространения и т.д. 1901
Место издания, распространения и т.д. Б. м.
215 ## - ФИЗИЧЕСКАЯ ХАРАКТЕРИСТИКА
Специфическое обозначение материала и объем [4], 308 с.
461 #0 - УРОВЕНЬ НАБОРА
Встроенное поле 001v19\rc\1720346
-- 2001#$aПолное практическое руководство и справочная книга к новому уставу о гербовом сборе в 2 частях$eИзд. неофиц.$fСост. К. Абрамович. Ч. 1-$vЧ. 1
-- 700#1$aАбрамович$bК.Г.$gКопель Гиршевич$4220
Системный номер (АБИС) связанной записи 4992836
Автор Абрамович, К.Г.
Место публикации Санкт-Петербург
Дата публикации 1901
Издание 2-е изд.
Первые сведения об ответственности Сост. К. Абрамович. Ч. 1-
Имя издателя, распространителя и т.д. тип. И. Гольдберга
Сведения, относящиеся к заглавию Изд. неофиц.
Заглавие Полное практическое руководство и справочная книга к новому уставу о гербовом сборе в 2 частях
Номер тома Ч. 1
801 #0 - ИСТОЧНИК ЗАПИСИ
Страна Российская Федерация
Организация NLR
Правила каталогизации psbo
801 #0 - ИСТОЧНИК ЗАПИСИ
Страна Российская Федерация
Организация RuMoRGB
Источник данных psbo
801 #1 - ИСТОЧНИК ЗАПИСИ
Страна Российская Федерация
Организация ProSoft-M
Источник данных rusmarc
852 ## - МЕСТОНАХОЖДЕНИЕ И ШИФР ХРАНЕНИЯ
Идентификатор организации NLR
Шифр хранения (Call Number) 20.65.2.9
899 ## - ДАННЫЕ О МЕСТОНАХОЖДЕНИИ (устаревшее)
Местонахождение RuMoRGB
Шифр хранения A 263/665
899 ## - ДАННЫЕ О МЕСТОНАХОЖДЕНИИ (устаревшее)
Местонахождение RuMoRGB
Шифр хранения A 88/73
899 ## - ДАННЫЕ О МЕСТОНАХОЖДЕНИИ (устаревшее)
Местонахождение БАН
942 ## - ДОПОЛНИТЕЛЬНЫЕ ЭЛЕМЕНТЫ ЗАПИСИ (АБИС)
Тип экземпляра АБИС Книга
980 ## - КОЛЛЕКЦИЯ
Название коллекции Национальная библиография
Экземпляры
Тип экземпляра Дата поступления Библиотека постоянного хранения Библиотека текущего хранения Место хранения Шифр хранения Штрих-код Статус экземпляра
Книга 26.10.2013 РНБ (Московский) РНБ (Московский) Неопределен, для заказа не доступен, в ЭК виден   4818186-40  
Книга 26.10.2013 РНБ (Садовая) РНБ (Садовая) Русский книжный фонд -Главное здание, Ленинский читальный зал 20.65.2.9 4818186-10